[Event "8 Player Open 12"]
[Site "SchemingMind.com"]
[Date "2014.09.11"]
[Round "-"]
[White "roscoe"]
[Black "michel"]
[Result "0-1"]
[WhiteCountry "USA"]
[BlackCountry "CAN"]
[WhiteElo "1241"]
[WhiteRD "84"]
[BlackElo "2340"]
[BlackRD "61"]
[GameID "364448"]

1. Nf3 Nc6 2. e3 d5 3. Bb5 Bg4 4. h3 Bxf3 5. Qxf3 e6 6. O-O Ne7 7. b3 a6 8. Bxc6+ Nxc6 9. Bb2 Qg5 10. a3 Bd6
11. Re1 O-O 12. c4 Na5 13. b4 Nxc4 14. Bd4 Ne5 15. Qg3 Qxg3 16. fxg3 Nd3 17. Re2 Bxg3 18. Nc3 e5 19. Bc5 Nxc5 20. bxc5 Rfd8
21. Rf1 Bh4 22. e4 d4 23. Nd5 c6 24. Nb6 Rab8 25. d3 Be7 26. Rc2 Bg5 27. Nc4 Bf6 28. a4 Rd7 29. a5 Re8 30. Nb6 Rc7
31. Nc4 Bd8 32. Rf5 f6 33. Nd6 Rf8 34. Nc4 Be7 35. Nb6 g6 36. Rf1 f5 37. exf5 gxf5 38. Nc4 e4 39. dxe4 d3 40. Rd2 Bxc5+
41. Kh1 fxe4 42. Rxf8+ Kxf8 43. Rf2+ Bxf2
0-1

[Event "8 Player Open 12"]
[Site "SchemingMind.com"]
[Date "2014.09.18"]
[Round "-"]
[White "roscoe"]
[Black "berns"]
[Result "0-1"]
[WhiteCountry "USA"]
[BlackCountry "ENG"]
[WhiteElo "1241"]
[WhiteRD "84"]
[BlackElo "1651"]
[BlackRD "76"]
[GameID "364690"]

1. Nf3 d5 2. d4 Nf6 3. g3 Nc6 4. Bg2 Bg4 5. Nbd2 e6 6. O-O Bd6 7. Re1 Bxf3 8. Bxf3 Nxd4 9. a3 O-O 10. e4 dxe4
11. Nxe4 Nxe4 12. Bxe4 Bc5 13. Bxb7 Rb8 14. Be4 Qf6 15. c3 Nf5 16. Bxf5 Qxf5 17. Re2 Rfd8 18. Qc2 Qh5 19. h4 Rd7 20. Be3 Bxe3
21. fxe3 Rbd8 22. Qa4 Qxe2
0-1

[Event "8 Player Open 12"]
[Site "SchemingMind.com"]
[Date "2014.09.17"]
[Round "-"]
[White "berns"]
[Black "roscoe"]
[Result "1-0"]
[WhiteCountry "ENG"]
[BlackCountry "USA"]
[WhiteElo "1679"]
[WhiteRD "73"]
[BlackElo "1236"]
[BlackRD "92"]
[GameID "364691"]

1. e4 e5 2. Bc4 d6 3. Nc3 Qe7 4. d3 Be6 5. Bxe6 Qxe6 6. Nd5 Qd7 7. Nf3 h6 8. b3 c6 9. Nc3 Nf6 10. Bb2 Be7
11. Qe2 O-O 12. O-O-O d5 13. Nxe5 Qe6 14. f4 dxe4 15. dxe4 b5 16. h3 Nbd7 17. Nxd7 Nxd7 18. f5 Qf6 19. Rxd7 Qg5+ 20. Kb1 Rfd8
21. Rhd1 Rxd7 22. Rxd7 b4 23. Na4
1-0

[Event "8 Player Open 12"]
[Site "SchemingMind.com"]
[Date "2014.09.18"]
[Round "-"]
[White "michel"]
[Black "berns"]
[Result "1-0"]
[WhiteCountry "CAN"]
[BlackCountry "ENG"]
[WhiteElo "2293"]
[WhiteRD "62"]
[BlackElo "1646"]
[BlackRD "73"]
[GameID "364692"]

1. e4 c5 2. Nf3 Nc6 3. Bb5 g6 4. Bxc6 bxc6 5. O-O Bg7 6. Re1 d6 7. c3 Nf6 8. Qa4 Qb6 9. e5 dxe5 10. Nxe5 Bb7
11. Na3 Nd5 12. b3 Bxe5 13. Rxe5 e6 14. Qe4 O-O-O 15. Qf3 Rhf8 16. Nc4 Qc7 17. Ba3 Nb6 18. Rxc5 Nxc4 19. Rxc4 Rxd2 20. Bxf8 c5
21. Qe3 Qd7 22. Re1 Ba6 23. Rxc5+ Kb7 24. c4 Qd8 25. Bg7 Rd1 26. Qf3+ Kb6 27. Rxd1 Qxd1+ 28. Qxd1 Kxc5 29. Bd4+
1-0

[Event "8 Player Open 12"]
[Site "SchemingMind.com"]
[Date "2014.09.18"]
[Round "-"]
[White "berns"]
[Black "michel"]
[Result "0-1"]
[WhiteCountry "ENG"]
[BlackCountry "CAN"]
[WhiteElo "1679"]
[WhiteRD "73"]
[BlackElo "2334"]
[BlackRD "60"]
[GameID "364693"]

1. d4 Nf6 2. c4 c5 3. d5 b5 4. e3 bxc4 5. Bxc4 d6 6. Nf3 g6 7. Nc3 Bg7 8. O-O O-O 9. a4 Na6 10. b3 Ne4
11. Bb2 Nxc3 12. Bxc3 Bxc3 13. Ra2 Nb4 14. Rd2 Bxd2 15. Qxd2 e6 16. dxe6 Bxe6 17. Bxe6 fxe6 18. Rd1 d5 19. Ng5 Qxg5 20. f4 Qf5
21. h3 h5 22. Rc1 Qd3 23. Qf2 Qxb3 24. Qg3 Kg7 25. Rxc5 Rf7 26. f5 Qb1+ 27. Kh2 Qxf5 28. Rb5 Nc2 29. a5 Rc8 30. Rb3 d4
31. exd4 Nxd4 32. Rb2 Qf4 33. Qxf4 Rxf4 34. Rb7+ Kf6 35. Rxa7 h4 36. Rd7 Rc2 37. Kg1 Nf5 38. Rd1 Rxg2+
0-1

[Event "8 Player Open 12"]
[Site "SchemingMind.com"]
[Date "2014.09.19"]
[Round "-"]
[White "roscoe"]
[Black "Eric111"]
[Result "1-0"]
[WhiteCountry "USA"]
[BlackCountry "USA"]
[WhiteElo "1241"]
[WhiteRD "84"]
[BlackElo "1467"]
[BlackRD "49"]
[GameID "364753"]

1. Nf3 Nf6 2. d4 d5 3. g3 e6 4. Bg2 c5 5. O-O cxd4 6. Qxd4 Nc6 7. Qd1 Be7 8. Re1 O-O 9. Nbd2 a6 10. e4 dxe4
11. Ng5 b5 12. Ndxe4 Bb7 13. Qxd8 Rfxd8 14. Be3 h6 15. Nxf6+ Bxf6 16. Ne4 Bxb2 17. Rab1 Bd4 18. Bxd4 Nxd4 19. Rbc1 Rab8 20. c3 Nc6
21. Nc5 a5 22. Nxb7 Rxb7 23. Bxc6 Rb6 24. Bg2 Rbd6 25. a3 Rb6 26. h4 b4 27. axb4 axb4 28. cxb4 Rxb4 29. Kh2 Rd5 30. Bxd5 exd5
31. Rc8+ Kh7 32. Rd1
1-0

[Event "8 Player Open 12"]
[Site "SchemingMind.com"]
[Date "2014.09.19"]
[Round "-"]
[White "Eric111"]
[Black "roscoe"]
[Result "1-0"]
[WhiteCountry "USA"]
[BlackCountry "USA"]
[WhiteElo "1483"]
[WhiteRD "46"]
[BlackElo "1236"]
[BlackRD "92"]
[GameID "364754"]

1. d4 d5 2. c4 dxc4 3. Qa4+ Bd7 4. Qxc4 b5 5. Qc2 e6 6. g3 Bc6 7. Nf3 Bb4+ 8. Bd2 Bxd2+ 9. Nbxd2 Nf6 10. Qxc6+ Nbd7
11. Ne5 O-O 12. Nxd7 Nxd7 13. Bg2 Rb8 14. Qc2 g6 15. O-O e5 16. dxe5 Nxe5 17. Rfd1 b4 18. Nf3 Qe7 19. Nxe5 Qxe5 20. Rd7 a5
21. Rxc7
1-0

[Event "8 Player Open 12"]
[Site "SchemingMind.com"]
[Date "2014.09.19"]
[Round "-"]
[White "Eric111"]
[Black "michel"]
[Result "0-1"]
[WhiteCountry "USA"]
[BlackCountry "CAN"]
[WhiteElo "1465"]
[WhiteRD "47"]
[BlackElo "2293"]
[BlackRD "62"]
[GameID "364755"]

1. c4 e5 2. Nc3 Nc6 3. g3 Nf6 4. Bg2 Bc5 5. e3 O-O 6. d3 d6 7. Nf3 a6 8. a3 Ba7 9. O-O Re8 10. b4 Bf5
11. h3 h6 12. Kh2 Qd7 13. Bb2 Bh7 14. e4 Nd4 15. Rb1 Nxf3+ 16. Qxf3 c6 17. a4 Rab8 18. Bc1 d5 19. Be3 d4 20. Bxd4 Bxd4
21. Ne2 Red8 22. Nxd4 Qxd4 23. Rfd1 c5 24. bxc5 Qxc5 25. Rd2 Qa5 26. Ra2 b5 27. cxb5 axb5 28. Qd1 Bxe4
0-1

[Event "8 Player Open 12"]
[Site "SchemingMind.com"]
[Date "2014.09.19"]
[Round "-"]
[White "michel"]
[Black "Eric111"]
[Result "1-0"]
[WhiteCountry "CAN"]
[BlackCountry "USA"]
[WhiteElo "2293"]
[WhiteRD "62"]
[BlackElo "1465"]
[BlackRD "47"]
[GameID "364756"]

1. e4 c6 2. d4 d5 3. e5 Bf5 4. Nf3 e6 5. Be2 c5 6. Be3 Nd7 7. O-O Ne7 8. c4 Ng6 9. cxd5 exd5 10. Nc3 cxd4
11. Nxd4 Ndxe5 12. Nxf5 Nc6 13. Nxd5 Be7 14. Nxg7+
1-0

[Event "8 Player Open 12"]
[Site "SchemingMind.com"]
[Date "2014.09.19"]
[Round "-"]
[White "Eric111"]
[Black "berns"]
[Result "0-1"]
[WhiteCountry "USA"]
[BlackCountry "ENG"]
[WhiteElo "1465"]
[WhiteRD "47"]
[BlackElo "1646"]
[BlackRD "73"]
[GameID "364757"]

1. c4 e5 2. Nc3 b6 3. d3 Nc6 4. Nf3 Bb4 5. Bd2 Bxc3 6. Bxc3 d6 7. g3 Nh6 8. Bg2 Bf5 9. Nxe5 Nxe5 10. Bxe5 dxe5
11. Bc6+ Bd7 12. Bxa8 Qxa8 13. Rg1 O-O 14. Qd2 Qb7 15. h4 f5 16. Qc2 Rf6 17. O-O-O b5 18. cxb5 Bxb5 19. Qb3+ Nf7 20. a4 Qc6+
21. Qc3 Qxc3+ 22. bxc3 Bxa4 23. Rd2 Ra6 24. Rb2 Nd6 25. Kd2 Rb6 26. Ra2 Ra6= 27. Rga1 Rb6 28. Rxa4 Rb2+ 29. Ke1 Nb5 30. Rb4 Rxb4
31. cxb4 Nd4 32. Kd2 Nb3+ 33. Kc2 Nxa1+ 34. Kb2 Kf7 35. Kxa1 Ke6 36. Kb2 Kd6 37. Kc3 Kd5 38. e3 a6 39. f3 c5 40. Kb3 cxb4
41. Kxb4 h6 42. Ka5 Kc5 43. Kxa6 Kb4 44. Kb6 Kc3 45. Kc5 Kxd3 46. Kd5 Kxe3 47. Kxe5 Kxf3 48. Kxf5 Kxg3 49. Kg6 Kxh4 50. Kxg7 Kg5
51. Kh7 h5 52. Kg7 h4
0-1

[Event "8 Player Open 12"]
[Site "SchemingMind.com"]
[Date "2014.09.19"]
[Round "-"]
[White "berns"]
[Black "Eric111"]
[Result "1-0"]
[WhiteCountry "ENG"]
[BlackCountry "USA"]
[WhiteElo "1646"]
[WhiteRD "73"]
[BlackElo "1465"]
[BlackRD "47"]
[GameID "364758"]

1. e4 c6 2. d4 d5 3. Nc3 dxe4 4. Nxe4 Bf5 5. Ng3 Bg6 6. Nf3 Nd7 7. h4 h6 8. h5 Bh7 9. Bd3 Bxd3 10. Qxd3 e6
11. Bf4 Ngf6 12. O-O-O Qa5 13. a3 Be7 14. Rhe1 Nd5 15. Be3 Nxe3 16. Rxe3 O-O-O 17. Qc3 Qxc3 18. Rxc3 Bf6 19. Rb3 Nb6 20. Ne4 Be7
21. Ne5 Rhf8 22. Rg3 Bf6 23. f4 Bxe5 24. fxe5 Rg8 25. Rf1 Rxd4 26. Nc5 Nd7 27. Nxd7 Rxd7 28. b4 b5 29. Rf4 Rd5 30. Rxf7 Rxe5
31. Rxa7 Rxh5 32. Ra8+ Kd7 33. Rxg8 Kd6 34. R8xg7
1-0

[Event "8 Player Open 12"]
[Site "SchemingMind.com"]
[Date "2014.09.21"]
[Round "-"]
[White "roscoe"]
[Black "ray winteringham"]
[Result "0-1"]
[WhiteCountry "USA"]
[BlackCountry "ENG"]
[WhiteElo "1241"]
[WhiteRD "84"]
[BlackElo "1541"]
[BlackRD "52"]
[GameID "364815"]

1. Nf3 d5 2. d4 Bf5 3. e3 e6 4. g3 Bd6 5. Bg2 Nf6 6. O-O O-O 7. Re1 c5 8. c4 b6 9. Nc3 Bc7 10. Nb5 Nbd7
11. Nxc7 Qxc7 12. Ne5 Nxe5 13. dxe5 Qxe5 14. a4 Rad8 15. Qb3 dxc4 16. Qxc4 Nd5 17. a5 Bg6 18. axb6 axb6 19. e4 Nb4 20. Bf1 Qd4
21. Bg5 f6 22. Qxe6+ Bf7 23. Qf5 Qxb2 24. Bc1 Qxa1
0-1

[Event "8 Player Open 12"]
[Site "SchemingMind.com"]
[Date "2014.09.21"]
[Round "-"]
[White "ray winteringham"]
[Black "roscoe"]
[Result "1-0"]
[WhiteCountry "ENG"]
[BlackCountry "USA"]
[WhiteElo "1522"]
[WhiteRD "52"]
[BlackElo "1236"]
[BlackRD "92"]
[GameID "364816"]

1. e4 e5 2. Nf3 d6 3. Bc4 Qe7 4. O-O Be6 5. Bb3 Nc6 6. d3 O-O-O 7. Be3 b6 8. c4 Nf6 9. Nc3 h6 10. h3 Nd4
11. Bxd4 exd4 12. Nxd4 Bd7 13. Ba4 g5 14. Bc6 Bg7 15. Qa4 Kb8 16. Qa6 Bxc6 17. Nxc6+ Ka8 18. Qxa7#
1-0

[Event "8 Player Open 12"]
[Site "SchemingMind.com"]
[Date "2014.09.20"]
[Round "-"]
[White "Eric111"]
[Black "ray winteringham"]
[Result "0-1"]
[WhiteCountry "USA"]
[BlackCountry "ENG"]
[WhiteElo "1465"]
[WhiteRD "47"]
[BlackElo "1518"]
[BlackRD "50"]
[GameID "364817"]

1. c4 Nf6 2. d4 g6 3. Nc3 Bg7 4. e4 d6 5. Be3 O-O 6. f4 Ng4 7. Qd2 e5 8. d5 f6 9. h3 Nxe3 10. Qxe3 c6
11. Nf3 Bd7 12. Be2 Na6 13. a3 c5 14. O-O Qb6 15. Rab1 f5 16. Nh4 Qd8 17. Qg3 Nc7 18. Bd3 Bf6 19. exf5 Bxh4 20. Qg4 Bxf5
21. Bxf5 Rxf5 22. fxe5 Rg5 23. Qf3 Rf5 24. Qe4 Rxf1+ 25. Rxf1 Ne8 26. exd6 Ng7 27. b4 Bg5 28. bxc5 Qa5 29. Nb5 a6 30. Nc7 Qxc5+
31. Kh1 Rc8 32. Ne6 Qxc4 33. Qe5 Qxf1+ 34. Kh2 Bf6 35. Qe3 Rc1 36. Nd4 Qh1+ 37. Kg3 Nh5+ 38. Kg4 Qxg2+
0-1

[Event "8 Player Open 12"]
[Site "SchemingMind.com"]
[Date "2014.09.20"]
[Round "-"]
[White "ray winteringham"]
[Black "Eric111"]
[Result "1-0"]
[WhiteCountry "ENG"]
[BlackCountry "USA"]
[WhiteElo "1518"]
[WhiteRD "50"]
[BlackElo "1465"]
[BlackRD "47"]
[GameID "364818"]

1. d4 d5 2. Nf3 Nf6 3. e3 Bf5 4. c4 c5 5. dxc5 e6 6. b4 b6 7. cxb6 Bxb4+ 8. Nfd2 Qxb6 9. Qb3 Bxd2+ 10. Nxd2 Qxb3
11. axb3 dxc4 12. Bxc4 O-O 13. Be2 Nbd7 14. Ba3 Rfc8 15. Nc4 Nb6 16. O-O Nxc4 17. Bxc4 a5 18. Bb2 Ne4 19. Rfd1 Rd8 20. Bd4 Nd6
21. Bb6 Rdc8 22. Rxd6 a4 23. Rdd1 axb3 24. Bxb3 Rab8 25. Ra6 h6 26. h3 Rc6 27. Ba7 Rxa6 28. Bxb8 Rb6 29. Rd8+ Kh7 30. Bd1 Rb1
31. Kh2 Rb2 32. Bg3 g5 33. Bg4 Be4 34. Rd7 Kg6 35. Bf3 Bxf3 36. gxf3 h5 37. Kg2 h4 38. Be5
1-0

[Event "8 Player Open 12"]
[Site "SchemingMind.com"]
[Date "2014.09.20"]
[Round "-"]
[White "michel"]
[Black "ray winteringham"]
[Result "1-0"]
[WhiteCountry "CAN"]
[BlackCountry "ENG"]
[WhiteElo "2293"]
[WhiteRD "62"]
[BlackElo "1518"]
[BlackRD "50"]
[GameID "364819"]

1. e4 e5 2. Nf3 Nc6 3. d4 exd4 4. Nxd4 Nxd4 5. Qxd4 Qf6 6. e5 Qe6 7. Bc4 Qg6 8. O-O b6 9. Bd3 f5 10. exf6 Qxf6
11. Qe4+ Qe6 12. Qxa8 Kd8 13. Ba6
1-0

[Event "8 Player Open 12"]
[Site "SchemingMind.com"]
[Date "2014.09.20"]
[Round "-"]
[White "ray winteringham"]
[Black "michel"]
[Result "0-1"]
[WhiteCountry "ENG"]
[BlackCountry "CAN"]
[WhiteElo "1518"]
[WhiteRD "50"]
[BlackElo "2293"]
[BlackRD "62"]
[GameID "364820"]

1. e4 d6 2. d4 Nf6 3. Bd3 e5 4. d5 Be7 5. Nf3 O-O 6. O-O Nbd7 7. Nc3 c6 8. b3 cxd5 9. exd5 a6 10. Bb2 b5
11. Be2 Bb7 12. Nd2 Nb6 13. Bf3 Qd7 14. h3 Rac8 15. Nde4 Nxe4 16. Bxe4 f5 17. Bf3 b4 18. Ne2 Bf6 19. a3 e4 20. Bh5 Bxb2
21. Ra2 Be5 22. Nc1 Nxd5 23. axb4 g6 24. Be2 Nc3 25. Qd2 Nxa2 26. Nxa2 f4 27. f3 e3 28. Qd3 d5 29. Rd1 Rc7 30. g4 Rfc8
31. Rc1 d4 32. Bd1 Qe7 33. Kg2 Qh4 34. Qe2 Qg3+ 35. Kh1 Qxh3+ 36. Qh2 Bxf3+ 37. Kg1 Qxg4+ 38. Kf1 Bxd1
0-1

[Event "8 Player Open 12"]
[Site "SchemingMind.com"]
[Date "2014.09.20"]
[Round "-"]
[White "ray winteringham"]
[Black "berns"]
[Result "0-1"]
[WhiteCountry "ENG"]
[BlackCountry "ENG"]
[WhiteElo "1522"]
[WhiteRD "52"]
[BlackElo "1679"]
[BlackRD "73"]
[GameID "364821"]

1. e4 e5 2. Nf3 Nc6 3. Bc4 d6 4. h3 Nf6 5. d3 h6 6. Be3 g5 7. Nc3 Be6 8. Nd2 Bxc4 9. Nxc4 a6 10. O-O Qd7
11. b3 b5 12. Nd2 b4 13. Ne2 a5 14. g4 h5 15. Ng3 hxg4 16. hxg4 Nxg4 17. Bxg5 Nh2 18. Re1 Qh3 19. Nf3 Nxf3+ 20. Qxf3 Nd4
21. Qg2 Qxg2+ 22. Kxg2 Nxc2 23. Rec1 Nxa1 24. Rxa1 Kd7 25. Nf5 Rg8 26. Ng3 Rxg5 27. Rg1 a4 28. Kf3 axb3 29. axb3 Ra3
0-1

[Event "8 Player Open 12"]
[Site "SchemingMind.com"]
[Date "2014.09.20"]
[Round "-"]
[White "berns"]
[Black "ray winteringham"]
[Result "1-0"]
[WhiteCountry "ENG"]
[BlackCountry "ENG"]
[WhiteElo "1646"]
[WhiteRD "73"]
[BlackElo "1518"]
[BlackRD "50"]
[GameID "364822"]

1. d4 d5 2. g3 Nf6 3. Nc3 c5 4. Be3 e6 5. Nf3 c4 6. Bh3 Bb4 7. a3 Ne4 8. axb4 Nxc3 9. bxc3 b5 10. O-O O-O
11. Qd2 Nc6 12. Ne5 f6 13. Nxc6 Qc7 14. Na5
1-0

[Event "8 Player Open 12"]
[Site "SchemingMind.com"]
[Date "2014.09.21"]
[Round "-"]
[White "roscoe"]
[Black "Stephen Woodhouse"]
[Result "0-1"]
[WhiteCountry "USA"]
[BlackCountry "ENG"]
[WhiteElo "1236"]
[WhiteRD "92"]
[BlackElo "1811"]
[BlackRD "48"]
[GameID "364857"]

1. Nf3 e6 2. d4 f5 3. g3 Nf6 4. Bg2 d5 5. O-O Bd6 6. Nbd2 O-O 7. a3 c6 8. c4 Ne4 9. Nxe4 fxe4 10. Ne5 Nd7
11. Nxd7 Bxd7 12. c5 Bc7 13. h4 e5 14. Bg5 Qc8 15. b4 h6 16. Be7 Rf7 17. Bd6 exd4 18. Kh2 Bxd6 19. cxd6 Bg4 20. Rc1 d3
21. Qd2 Bxe2 22. Qf4 Rxf4
0-1

[Event "8 Player Open 12"]
[Site "SchemingMind.com"]
[Date "2014.09.21"]
[Round "-"]
[White "Stephen Woodhouse"]
[Black "roscoe"]
[Result "1-0"]
[WhiteCountry "ENG"]
[BlackCountry "USA"]
[WhiteElo "1811"]
[WhiteRD "48"]
[BlackElo "1236"]
[BlackRD "92"]
[GameID "364858"]

1. e4 e5 2. Nf3 d6 3. d4 Nc6 4. Bb5 a6 5. Bxc6+ bxc6 6. dxe5 h6 7. O-O dxe5 8. Qxd8+ Kxd8 9. Nxe5 Be6 10. Nxc6+ Kc8
11. Be3 Bc4 12. Rd1 Kb7 13. Na5+ Kc8 14. Nxc4 g5 15. Bd4 Rh7 16. Nc3 f6 17. Nd5 Rd7 18. Bxf6 Nxf6 19. Nxf6
1-0

[Event "8 Player Open 12"]
[Site "SchemingMind.com"]
[Date "2014.09.21"]
[Round "-"]
[White "Eric111"]
[Black "Stephen Woodhouse"]
[Result "0-1"]
[WhiteCountry "USA"]
[BlackCountry "ENG"]
[WhiteElo "1465"]
[WhiteRD "47"]
[BlackElo "1838"]
[BlackRD "49"]
[GameID "364859"]

1. c4 e6 2. d4 f5 3. g3 Nf6 4. Bg2 d5 5. Qc2 c6 6. Nh3 Bd6 7. Bf4 O-O 8. O-O Qc7 9. Bxd6 Qxd6 10. Qb3 Kh8
11. Nc3 Ne4 12. Nxe4 fxe4 13. e3 Nd7 14. cxd5 exd5 15. Qd1 Nf6 16. f3 exf3 17. Bxf3 Bxh3 18. Rf2 Rae8 19. Qe2 Qe6 20. Re1 Bg4
21. Bxg4 Qxg4 22. Qxg4 Nxg4 23. Rc2 Kg8 24. b4 Rxe3
0-1

[Event "8 Player Open 12"]
[Site "SchemingMind.com"]
[Date "2014.09.21"]
[Round "-"]
[White "Stephen Woodhouse"]
[Black "Eric111"]
[Result "1-0"]
[WhiteCountry "ENG"]
[BlackCountry "USA"]
[WhiteElo "1838"]
[WhiteRD "49"]
[BlackElo "1465"]
[BlackRD "47"]
[GameID "364860"]

1. e4 e5 2. Nf3 Nc6 3. d4 exd4 4. Nxd4 Bb4+ 5. c3 Bc5 6. Be3 Bb6 7. Bc4 Ne5 8. Bb3 Nf6 9. Nd2 O-O 10. O-O d6
11. h3 Re8 12. N2f3 Nxf3+ 13. Qxf3 c5 14. Nf5 Bxf5 15. Qxf5 Qd7 16. Qxd7 Nxd7 17. f3 Bd8 18. Rad1 Be7 19. Rd2 Red8 20. Rfd1 Nf6
21. Bf4 Rd7 22. Bxd6 Bxd6 23. Rxd6 Rad8 24. Rxd7 Rxd7 25. Rxd7 Nxd7 26. Kf2 Kf8 27. Ke3 g5 28. f4 f6 29. Be6 gxf4+ 30. Kxf4 Ne5
31. Ke3 Ke7 32. Bb3 b6 33. a3 h6 34. Ba2 a5= 35. b3 b5 36. Bb1 Kf7 37. Kf4 Kg6 38. g4 Nf7 39. e5+ Kg7 40. exf6+ Kxf6
41. h4 Kg7 42. Kf5 Kf8 43. g5 hxg5 44. hxg5 Ke7 45. g6 Nd6+ 46. Ke5 c4 47. g7 Nf7+ 48. Kd5 Nh6 49. bxc4 bxc4 50. Bh7
1-0

[Event "8 Player Open 12"]
[Site "SchemingMind.com"]
[Date "2014.09.20"]
[Round "-"]
[White "michel"]
[Black "Stephen Woodhouse"]
[Result "1-0"]
[WhiteCountry "CAN"]
[BlackCountry "ENG"]
[WhiteElo "2293"]
[WhiteRD "62"]
[BlackElo "1838"]
[BlackRD "49"]
[GameID "364861"]

1. e4 e6 2. d3 d5 3. Nd2 c5 4. Ngf3 Nc6 5. Be2 Bd6 6. O-O Nge7 7. a3 O-O 8. c3 a5 9. d4 cxd4 10. cxd4 dxe4
11. Nxe4 Bc7 12. Be3 Nd5 13. Rc1 Bd7 14. Nc5 b6 15. Nxd7 Qxd7 16. Bb5 Nde7 17. Rxc6 Nxc6 18. Qa4 Rac8 19. Rc1 Bb8 20. Bxc6 Qd6
21. g3 Rc7 22. Bf4
1-0

[Event "8 Player Open 12"]
[Site "SchemingMind.com"]
[Date "2014.09.20"]
[Round "-"]
[White "Stephen Woodhouse"]
[Black "michel"]
[Result "0-1"]
[WhiteCountry "ENG"]
[BlackCountry "CAN"]
[WhiteElo "1838"]
[WhiteRD "49"]
[BlackElo "2293"]
[BlackRD "62"]
[GameID "364862"]

1. e4 Nf6 2. Nc3 d6 3. d4 e5 4. Nf3 Nbd7 5. Bc4 Be7 6. O-O O-O 7. Re1 c6 8. a4 a5 9. h3 Nb6 10. Ba2 Nfd7
11. Be3 exd4 12. Qxd4 Nc5 13. Rad1 Be6 14. Bxe6 fxe6 15. e5 d5 16. Qg4 Qe8 17. Nd4 Qf7 18. b3 Nbd7 19. f4 h5 20. Qg3 Na6
21. Rf1 Rae8 22. Bc1 Nb4 23. Rd2 Nxe5 24. Nxe6 Qxe6 25. fxe5 Bc5+
0-1

[Event "8 Player Open 12"]
[Site "SchemingMind.com"]
[Date "2014.09.21"]
[Round "-"]
[White "ray winteringham"]
[Black "Stephen Woodhouse"]
[Result "0-1"]
[WhiteCountry "ENG"]
[BlackCountry "ENG"]
[WhiteElo "1518"]
[WhiteRD "50"]
[BlackElo "1838"]
[BlackRD "49"]
[GameID "364863"]

1. e4 e6 2. d4 d5 3. e5 c5 4. Nf3 cxd4 5. Qxd4 Nc6 6. Qd1 Bc5 7. Bd3 Qc7 8. Qe2 Nge7 9. Bf4 Nb4 10. c3 Nxd3+
11. Qxd3 Ng6 12. Bg3 Qb6 13. b4 Be7 14. O-O Bd7 15. a3 Bb5 16. Qd2 Bxf1 17. Kxf1 Rc8 18. h3 O-O 19. Nd4 Rc4 20. f3 Bh4
21. Bf2 Bxf2 22. Qxf2 Nxe5 23. a4 Rfc8 24. Nb5 Qxf2+ 25. Kxf2 Ra8 26. N1a3 Rc6 27. Rc1 Nc4 28. Nc2 Nd6 29. Ncd4 Rb6 30. a5 Rxb5
31. Nxb5 Nxb5 32. g4 Rc8
0-1

[Event "8 Player Open 12"]
[Site "SchemingMind.com"]
[Date "2014.09.21"]
[Round "-"]
[White "Stephen Woodhouse"]
[Black "ray winteringham"]
[Result "1-0"]
[WhiteCountry "ENG"]
[BlackCountry "ENG"]
[WhiteElo "1838"]
[WhiteRD "49"]
[BlackElo "1518"]
[BlackRD "50"]
[GameID "364864"]

1. e4 Nf6 2. Nc3 e5 3. Nf3 Nc6 4. d4 Bd6 5. Bc4 O-O 6. Bg5 h6 7. Bh4 Be7 8. O-O d6 9. Re1 exd4 10. Nxd4 Bd7
11. f3 Ne5 12. Bb3 c5 13. Nde2 Bc6 14. Bxf6 Bxf6 15. Nf4 Qb6 16. Nfd5 Bxd5 17. Nxd5 Qd8 18. c3 Ng6 19. Qd2 Ne7 20. Nxf6+ gxf6
21. Qxh6 Ng6 22. Qxg6+ Kh8 23. Bxf7 Qe7 24. Qh6#
1-0

[Event "8 Player Open 12"]
[Site "SchemingMind.com"]
[Date "2014.09.21"]
[Round "-"]
[White "berns"]
[Black "Stephen Woodhouse"]
[Result "0-1"]
[WhiteCountry "ENG"]
[BlackCountry "ENG"]
[WhiteElo "1679"]
[WhiteRD "73"]
[BlackElo "1811"]
[BlackRD "48"]
[GameID "364865"]

1. b3 e5 2. Bb2 Nc6 3. e3 Nf6 4. Nf3 d6 5. Bb5 Bg4 6. h3 Bh5 7. g4 Bg6 8. d3 Be7 9. Nbd2 O-O 10. Bxc6 bxc6
11. Qe2 e4 12. Nd4 Qd7 13. O-O-O c5 14. Nf5 Bxf5 15. gxf5 Qxf5 16. Rdg1 exd3 17. cxd3 a5 18. h4 a4 19. e4 Qe6 20. f4 axb3
21. Nxb3 Rxa2 22. Kc2 Rb8 23. Kb1 Qxb3 24. Rg2 Rba8 25. Kc1 Ra1+ 26. Bxa1 Rxa1+ 27. Kd2 Rxh1 28. e5 Qb2+ 29. Ke3 Nd5+ 30. Kf3 Rh3+
31. Kf2 Qxe2+ 32. Kxe2 Nxf4+
0-1

[Event "8 Player Open 12"]
[Site "SchemingMind.com"]
[Date "2014.09.21"]
[Round "-"]
[White "Stephen Woodhouse"]
[Black "berns"]
[Result "1-0"]
[WhiteCountry "ENG"]
[BlackCountry "ENG"]
[WhiteElo "1838"]
[WhiteRD "49"]
[BlackElo "1646"]
[BlackRD "73"]
[GameID "364866"]

1. e4 e5 2. Nf3 Nc6 3. d4 d6 4. Bc4 g6 5. dxe5 dxe5 6. Qxd8+ Kxd8 7. Bxf7 Nb4 8. Bg5+ Be7 9. Bxe7+ Nxe7 10. Bb3 Rf8
11. Nxe5 Rf6 12. Nc3 Be6 13. O-O-O+ Ke8 14. f3 Bxb3 15. axb3 Ra6 16. Nd5 Nexd5 17. exd5 Rd8 18. c4 Rdd6 19. Rhe1 Kf8 20. Nd3 Nxd3+
21. Rxd3 Ra1+ 22. Kd2 Rxe1 23. Kxe1 Kf7 24. Kd2 Kf6 25. Kc3 b6 26. b4 Rd8 27. Kd4 c6 28. Re3 cxd5 29. cxd5 Rc8 30. Re6+ Kf7
31. Rc6 Re8 32. Rc7+ Kg8 33. d6 Re2 34. d7 Rd2+ 35. Ke5 Kf8 36. Ke6 Re2+ 37. Kf6
1-0

[Event "8 Player Open 12"]
[Site "SchemingMind.com"]
[Date "2014.09.26"]
[Round "-"]
[White "roscoe"]
[Black "The Stonewall"]
[Result "0-1"]
[WhiteCountry "USA"]
[BlackCountry "ENG"]
[WhiteElo "1241"]
[WhiteRD "84"]
[BlackElo "2276"]
[BlackRD "88"]
[GameID "364873"]

1. Nf3 e6 2. d4 f5 3. g3 Nf6 4. Bg2 Be7 5. O-O O-O 6. c4 Ne4 7. a3 Bf6 8. Nc3 Nxc3 9. bxc3 Nc6 10. Bb2 Rb8
11. d5 Na5 12. dxe6 dxe6 13. Qxd8 Rxd8 14. c5 Nc4 15. Bc1 h6 16. Re1 Bxc3
0-1

[Event "8 Player Open 12"]
[Site "SchemingMind.com"]
[Date "2014.09.26"]
[Round "-"]
[White "The Stonewall"]
[Black "roscoe"]
[Result "1-0"]
[WhiteCountry "ENG"]
[BlackCountry "USA"]
[WhiteElo "2276"]
[WhiteRD "88"]
[BlackElo "1241"]
[BlackRD "84"]
[GameID "364874"]

1. e4 e5 2. Bc4 Qe7 3. Nc3 c6 4. a3 Nf6 5. d3 h6 6. Nge2 b5 7. Ba2 Bb7 8. O-O d5 9. exd5 cxd5 10. d4 Nc6
11. dxe5 Nxe5 12. Re1 Qd7 13. Nd4 Bd6 14. f4 O-O 15. fxe5 Bxe5 16. Rxe5 Rae8 17. Bf4 Rxe5 18. Bxe5
1-0

[Event "8 Player Open 12"]
[Site "SchemingMind.com"]
[Date "2014.09.26"]
[Round "-"]
[White "The Stonewall"]
[Black "Eric111"]
[Result "1-0"]
[WhiteCountry "ENG"]
[BlackCountry "USA"]
[WhiteElo "2293"]
[WhiteRD "93"]
[BlackElo "1483"]
[BlackRD "46"]
[GameID "364875"]

1. b4 d5 2. Bb2 Qd6 3. a3 e5 4. e3 Nf6 5. Nf3 e4 6. Nd4 Bg4 7. Be2 Bxe2 8. Qxe2 Nbd7 9. Nc3 a6 10. O-O c6
11. f3 exf3 12. Nxf3 Be7 13. Nd4 O-O 14. Nf5 Qe6 15. Qf3 Rfe8 16. Ne2 Qe4 17. Qg3 g6 18. d3 Qg4 19. Qxg4 Nxg4 20. h3 Ngf6
21. Nxe7+ Rxe7 22. Bxf6 Nxf6 23. Rxf6 Rxe3 24. Nd4 Kg7 25. Rf2 Rae8 26. Kf1 h5 27. Re2 Rxe2 28. Nxe2
1-0